Clic De quelle région vient cette boisson ? - Statistiques

Statistiques générales
  • Ce quiz a été pris 39 fois
  • Le résultat moyen est 18 sur 97
Statistiques - réponses
Hint Réponse % Correct
Cidre breton Bretagne
86%
Mattei Cap Corse Corse
51%
Eau de Volvic Auvergne-Rhône-Alpes
49%
Corsica Cola Corse
49%
Cidre de Normandie Normandie
49%
Poiré de Normandie Normandie
49%
Ti-punch Outre-Mer
49%
Pastis Provence-Alpes-Côte d'Azur
49%
Marc de Bourgogne Bourgogne-Franche-Comté
46%
Rhum arrangé Outre-Mer
43%
Calvados Normandie
41%
Rhum agricole Outre-Mer
41%
Eau Evian Auvergne-Rhône-Alpes
38%
Liqueur de litchi Outre-Mer
38%
Breizh cola Bretagne
35%
Liqueur de mirabelle Grand est
35%
Armagnac Nouvelle Aquitaine
35%
Kirsch Grand est
32%
Verveine du Velay Auvergne-Rhône-Alpes
30%
Génépi Auvergne-Rhône-Alpes
30%
Chouchen Bretagne
30%
Champagne Grand est
30%
Eau de Wattwiller Grand est
30%
Cognac Nouvelle Aquitaine
30%
Pontarlier Bourgogne-Franche-Comté
27%
Noyau de Poissy Ile-de-France
27%
Floc de Gascogne Nouvelle Aquitaine
27%
Clairette de Die Auvergne-Rhône-Alpes
24%
Vouvray Centre-Val-de-Loire
24%
Pommeau Normandie
24%
Eau Quézac Occitanie
24%
Soupe angevine Pays-de-la-Loire
24%
Pernod Provence-Alpes-Côte d'Azur
24%
Eau Rozana Auvergne-Rhône-Alpes
22%
Kir Bourgogne-Franche-Comté
22%
Vin jaune Bourgogne-Franche-Comté
22%
Poire d'Olivet Centre-Val-de-Loire
22%
Vin chaud Grand est
22%
Eau de Vittel Grand est
22%
Pineau des Charentes Nouvelle Aquitaine
22%
Chablis Bourgogne-Franche-Comté
19%
Cahors Occitanie
19%
Blanquette de Limoux Occitanie
19%
Cachiri Outre-Mer
19%
Nantillais Pays-de-la-Loire
19%
Badoit Auvergne-Rhône-Alpes
16%
Eau de Contrex Grand est
16%
Perrier Occitanie
16%
Lambig Bretagne
14%
Eau Orezza Corse
14%
Eau Zilia Corse
14%
Izarra Nouvelle Aquitaine
14%
Banyuls Occitanie
14%
Limonade Lorina Grand est
11%
Crillon Grand est
11%
Frênette Hauts-de-France
11%
Bénédictine Normandie
11%
Jasnières Pays-de-la-Loire
11%
Triple sec Pays-de-la-Loire
11%
Castagnou Auvergne-Rhône-Alpes
8%
Avèze Auvergne-Rhône-Alpes
8%
Montlouis Centre-Val-de-Loire
8%
Bière de la Pucelle Centre-Val-de-Loire
8%
Liqueur de sapin Grand est
8%
Eau Hépar Grand est
8%
Kir royal Grand est
8%
Genièvre Hauts-de-France
8%
Sirop de rose Ile-de-France
8%
Marie Brizard Nouvelle Aquitaine
8%
Muscat de Mireval Occitanie
8%
Kamok Pays-de-la-Loire
8%
Origan du Comtat Provence-Alpes-Côte d'Azur
8%
Marquisette Auvergne-Rhône-Alpes
5%
Antésite Auvergne-Rhône-Alpes
5%
Ouche nanon Centre-Val-de-Loire
5%
Cidre du pays d'Othe Grand est
5%
Feuillardier Nouvelle Aquitaine
5%
Lillet Nouvelle Aquitaine
5%
Get 27 Occitanie
5%
Madou Outre-Mer
5%
Café Le Roy Outre-Mer
5%
Guignolet Pays-de-la-Loire
5%
Gambetta
Provence-Alpes-Côte d'Azur
5%
Cédratine Corse
3%
Eau St Georges Corse
3%
Perlé Hauts-de-France
3%
Grand Marnier Ile-de-France
3%
Vin de Cresson Ile-de-France
3%
Vin d'épines Nouvelle Aquitaine
3%
Fénelon Occitanie
3%
Eau Montcalm Occitanie
3%
Pousse-rapière Occitanie
3%
Godinette Bretagne
0%
Eau Pierval Normandie
0%
Rancio Occitanie
0%
Ratafia Occitanie
0%
Pommeau Pays-de-la-Loire
0%
Aucun quiz correspondant
Distribution des résultats
% des personnes avec chaque résultat
Percentile par nombre de réponses
Votre historique - résultats
Vous n’avez pas pris ce quiz